Tests & measurement for people who (think they) hate tests & measurement / (Record no. 1480)

MARC details
000 -LEADER
fixed length control field 00960nam a22002777a 4500
001 - CONTROL NUMBER
control field 16987680
003 - CONTROL NUMBER IDENTIFIER
control field OSt
005 - DATE AND TIME OF LATEST TRANSACTION
control field 20241217094352.0
008 - FIXED-LENGTH DATA ELEMENTS--GENERAL INFORMATION
fixed length control field 241217b |||||||| |||| 00| 0 eng d
010 ## - LIBRARY OF CONGRESS CONTROL NUMBER
LC control number 2011041171
020 ## - INTERNATIONAL STANDARD BOOK NUMBER
International Standard Book Number 9781412989756 (pbk. : acidfree paper)
035 ## - SYSTEM CONTROL NUMBER
System control number (OCoLC)ocn756837078
040 ## - CATALOGING SOURCE
Original cataloging agency KMU
Transcribing agency KMU
Modifying agency KMU
Language of cataloging eng
Description conventions rda
042 ## - AUTHENTICATION CODE
Authentication code pcc
050 00 - LIBRARY OF CONGRESS CALL NUMBER
Classification number LB3051
Item number .S243 2013
100 1# - MAIN ENTRY--PERSONAL NAME
Personal name Salkind, Neil J.
245 10 - TITLE STATEMENT
Title Tests & measurement for people who (think they) hate tests & measurement /
Statement of responsibility, etc. Neil J. Salkind.
246 3# - VARYING FORM OF TITLE
Title proper/short title Tests and measurement for people who (think they) hate tests and measurement
250 ## - EDITION STATEMENT
Edition statement 2nd ed.
260 ## - PUBLICATION, DISTRIBUTION, ETC.
Place of publication, distribution, etc. Thousand Oaks, Calif. :
Name of publisher, distributor, etc. SAGE Publications,
Date of publication, distribution, etc. c2013.
300 ## - PHYSICAL DESCRIPTION
Extent xxiii, 399 p. :
Other physical details ill. ;
Dimensions 26 cm.
504 ## - BIBLIOGRAPHY, ETC. NOTE
Bibliography, etc. note Includes bibliographical references and index.
650 #0 - SUBJECT ADDED ENTRY--TOPICAL TERM
Topical term or geographic name entry element Educational tests and measurements.
906 ## - LOCAL DATA ELEMENT F, LDF (RLIN)
a 7
b cbc
c orignew
d 1
e ecip
f 20
g y-gencatlg
942 ## - ADDED ENTRY ELEMENTS (KOHA)
Source of classification or shelving scheme Library of Congress Classification
Koha item type Non-Fiction
Suppress in OPAC No
Holdings
Withdrawn status Lost status Source of classification or shelving scheme Damaged status Not for loan Collection Home library Current library Shelving location Date acquired Source of acquisition Total Checkouts Full call number Barcode Date last seen Price effective from Koha item type
    Library of Congress Classification     Non-fiction Kapasa Makasa University Kapasa Makasa University Open Access 17.12.2024 ZLS   LB 3051.S243 Sal 300936 17.12.2024 17.12.2024 Non-Fiction